Normal view
MARC view
- Chambers K.D
Entry Personal Name
001 - CONTROL NUMBER
- control field: 172193
003 - CONTROL NUMBER IDENTIFIER
- control field: OSt
005 - DATE AND TIME OF LATEST TRANSACTION
- control field: 20230313130728.0
008 - FIXED-LENGTH DATA ELEMENTS
- fixed length control field: 230313|| aca||aabn | a|a d
040 ## - CATALOGING SOURCE
- Original cataloging agency: OSt
- Transcribing agency: OSt
100 ## - HEADING--PERSONAL NAME
- Personal name: Chambers K.D
670 ## - SOURCE DATA FOUND
- Source citation: Work cat.: (OSt)132370: Chambers K.D., How Toyota Changed The World, 2009